|
|
แสดงรายละเอียดบรรณานุกรม |
|
|
Brief Record
: Get Marc (ISO 2709)
: E-mail record
: |
|
|
| LEADER 00000nam 2200000uu 4500 | |||
| 008 120515s2554||||th 000 0 tha d | |||
| 060 0 อ WZ80 ว585 2554 | |||
| 100 0 ^aวิทยาลัยพยาบาลบรมราชชนนี กรุงเทพฯ. | |||
| 245 00 ^a65 ปี แห่งความทรงจำ 2489-2554 สมาคมศิษย์เก่าวิทยาลัยพยาบาลบรมราชชนนี กรุงเทพฯ/^cวิทยาลัยพยาบาลบรมราชชนนี กรุงเทพฯ. | |||
| 260 ^aกรุงเทพฯ:^bบริษัท วี อินเตอร์ พริ้น จำกัด,^c2554. | |||
| 300 ^a432 หน้า:^bภาพประกอบ | |||
| 999 ^aใช้งานได้ทุกระบบ | |||
| คุณยังไม่ได้ล็อกอิน คุณสามารถมีกิจกรรมร่วมกับเว็บไซต์ได้ แต่ต้องล็อกอินก่อน :: |
|
| สถานะ | |||||||||
| 1. | หนังสืออ้างอิง | อ WZ80 ว585 2554 | On Shelf ขอยืม | ||||||
| [แสดง 1/1 รายการ] | |||||||||
BibComment |
| คอมเมนท์ทรัพยากรรายการนี้ |
|
|